Introduction to Differential Equations (Record no. 110)
[ view plain ]
| 000 -LEADER | |
|---|---|
| fixed length control field | 00428nam a22001457a 4500 |
| 008 - FIXED-LENGTH DATA ELEMENTS--GENERAL INFORMATION | |
| fixed length control field | 260113b |||||||| |||| 00| 0 eng d |
| 010 ## - LIBRARY OF CONGRESS CONTROL NUMBER | |
| LC control number | QA299.6 M35 2017. |
| 020 ## - INTERNATIONAL STANDARD BOOK NUMBER | |
| International Standard Book Number | 9788184875904 |
| 100 ## - MAIN ENTRY--PERSONAL NAME | |
| Personal name | Maity,kalipada, |
| 245 ## - TITLE STATEMENT | |
| Title | Introduction to Differential Equations |
| Statement of responsibility, etc. | /kalipada,Maity. |
| 260 ## - PUBLICATION, DISTRIBUTION, ETC. | |
| Place of publication, distribution, etc. | Delhi,india. |
| Name of publisher, distributor, etc. | NAROSA PUBLISHING HOUSE PVT LTD. |
| Date of publication, distribution, etc. | c2017 |
| 300 ## - PHYSICAL DESCRIPTION | |
| Extent | xvii,624p. |
| Dimensions | 23.5cm |
| 942 ## - ADDED ENTRY ELEMENTS (KOHA) | |
| Source of classification or shelving scheme | Library of Congress Classification |
No items available.
